000
00221nam a2200097Ia 4500
008
230508s1994 xx 000 0 und d
041
_a
eng
100
_a
NAGPAL G.R.
245
_a
MACHINES TOOL ENGINEERING
260
_c
1994
999
_c
343246
_d
343246